00525nam a22001817a 450000500170000001000280001702000260004503500270007103700130009808200080011110000180011924500550013726000340019227000460022630000400027250000190031265000120033120100803153115.0 aENG-97855 B-431013-022 a9788120337015c195.00 aEN-81388 B-431013-022 bDBAD/PUB a530 aMehta, Neeraj aTextbook of engineering physics /cby Neeraj Mehta aNew DelhibPHI Learningc2009 aM-97, Connaught CircusbNew Delhie110001 aPt-II (xi,295p.):bill.c24cm (pbk) aIncludes index aPhysics